00536 2200181 4500001002100000005001700021008004100038020001800079035002500097090002000122245004400142260004200186300002300228650004900251700002500300850001200325990001700337YOGYA-0211000000360720150221092734.0 ind  a979-22-0775-9 a0010-021100000003607 aR 347.053 Ind H aHimpunan peraturan tentang class action aJakartabGramedia Pustaka Utamac2004 ax, 318 hlm.;23 cm. aGugatan - Undang - undang dan Peraturan dsb. aSaliswijaya, Aa Dani aYOPDYOG a2590-pd/p.04